[Event "HUN-chT2 Breyer 1819"]
[Site "Hungary"]
[Date "2018.11.18"]
[Round "2.1"]
[White "Berta, Krisztian"]
[Black "Posa, Norbert"]
[Result "1/2-1/2"]
[WhiteElo "2163"]
[BlackElo "2053"]
[PlyCount "21"]
[EventDate "2018.10.28"]
[EventType "team-tourn"]
[EventRounds "9"]
[EventCountry "HUN"]
[SourceTitle "CBM 189 Extra"]
[Source "ChessBase"]
[SourceDate "2019.05.31"]
[SourceVersion "1"]
[SourceVersionDate "2019.05.31"]
[SourceQuality "1"]
[WhiteTeam "Torokbalint"]
[BlackTeam "Budapest HASE"]
[WhiteTeamCountry "HUN"]
[BlackTeamCountry "HUN"]

1. d4 Nf6 2. c4 e6 3. Nc3 d5 4. cxd5 exd5 5. Bg5 Be7 6. Qc2 c6 7. e3 Bg4 8. Bd3 Bh5 9. Nf3 Bg6 10. Ne5 Bxd3 11. Qxd3 1/2-1/2

[Event "HUN-chT2 Breyer 1314"]
[Site "Hungary"]
[Date "2014.04.13"]
[Round "8"]
[White "Berta, Krisztian"]
[Black "Rot, Norbert"]
[Result "1-0"]
[WhiteElo "2151"]
[BlackElo "1829"]
[PlyCount "73"]
[EventDate "2013.09.08"]
[EventType "team-tourn"]
[EventRounds "9"]
[EventCountry "HUN"]
[SourceTitle "EXT 2016"]
[Source "ChessBase"]
[SourceDate "2015.10.08"]
[SourceVersion "1"]
[SourceVersionDate "2015.10.08"]
[SourceQuality "1"]
[WhiteTeam "Torokbalint"]
[BlackTeam "Pet"]
[WhiteTeamCountry "HUN"]
[BlackTeamCountry "HUN"]

1. d4 d5 2. c4 e6 3. Nc3 Be7 4. Nf3 Nf6 5. cxd5 exd5 6. Bg5 0-0 7. Qc2 c6 8. e3 h6 9. Bh4 Be6 10. Bd3 Nbd7 11. 0-0 Bg4 12. Nd2 Rc8 13. h3 Be6 14. f4 Nb6 15. Nf3 Nfd7 16. Bxe7 Qxe7 17. f5 Bxf5 18. Bxf5 Qxe3+ 19. Qf2 Qxf2+ 20. Kxf2 g6 21. Bxd7 Nxd7 22. Rfe1 Rfe8 23. Rxe8+ Rxe8 24. b4 Nb6 25. b5 Kg7 26. bxc6 bxc6 27. Ne5 f6 28. Nd3 g5 29. Re1 Rxe1 30. Kxe1 Nc4 31. Nb4 Ne3 32. Kf2 Nf5 33. Nxc6 Kf7 34. Nxd5 Ke6 35. Ne3 Nd6 36. Nxa7 Kd7 37. a4 1-0

[Event "HUN-chT2 Breyer 1314"]
[Site "Hungary"]
[Date "2014.03.02"]
[Round "6"]
[White "Berta, Krisztian"]
[Black "Balogh, Tibor"]
[Result "1-0"]
[WhiteElo "2151"]
[BlackElo "1815"]
[PlyCount "103"]
[EventDate "2013.09.08"]
[EventType "team-tourn"]
[EventRounds "9"]
[EventCountry "HUN"]
[SourceTitle "EXT 2016"]
[Source "ChessBase"]
[SourceDate "2015.10.08"]
[SourceVersion "1"]
[SourceVersionDate "2015.10.08"]
[SourceQuality "1"]
[WhiteTeam "Torokbalint"]
[BlackTeam "Gyor Szechenyi"]
[WhiteTeamCountry "HUN"]
[BlackTeamCountry "HUN"]

1. e4 c5 2. Nc3 d6 3. f4 Nc6 4. Nf3 g6 5. Bc4 Bg7 6. 0-0 a6 7. a4 e6 8. f5 Ne5 9. Nxe5 Bxe5 10. Qf3 Qf6 11. fxe6 fxe6 12. d3 Qxf3 13. Rxf3 Bd7 14. Bf4 Bxf4 15. Rxf4 Ke7 16. e5 Nh6 17. exd6+ Kxd6 18. Ne4+ Kc6 19. Ng5 Rae8 20. Re1 e5 21. Rf6+ Kc7 22. Ne6+ Bxe6 23. Bxe6 Kd8 24. g4 Re7 25. Rxe5 b6 26. g5 Nf5 27. Rd5+ Kc7 28. Bxf5 gxf5 29. Rdxf5 Re1+ 30. Rf1 Re2 31. R1f2 Re1+ 32. Kg2 Rg8 33. h4 Rb1 34. b3 Re8 35. Rf7+ Kd6 36. Rxh7 Ree1 37. Rf6+ Ke5 38. Re7+ Kd4 39. Rxe1 Rxe1 40. Rf4+ Kc3 41. Rc4+ Kd2 42. Kg3 Rg1+ 43. Kf4 Rf1+ 44. Kg4 Rg1+ 45. Kf5 Ke3 46. h5 Rf1+ 47. Kg6 Rf8 48. h6 Rc8 49. h7 b5 50. axb5 axb5 51. Rh4 Rc6+ 52. Kf5 1-0

[Event "HUN-chT2 Breyer 1314"]
[Site "Hungary"]
[Date "2013.10.20"]
[Round "3"]
[White "Varga, Vilmos"]
[Black "Berta, Krisztian"]
[Result "1/2-1/2"]
[WhiteElo "2122"]
[BlackElo "2151"]
[PlyCount "42"]
[EventDate "2013.09.08"]
[EventType "team-tourn"]
[EventRounds "9"]
[EventCountry "HUN"]
[SourceTitle "EXT 2016"]
[Source "ChessBase"]
[SourceDate "2015.10.08"]
[SourceVersion "1"]
[SourceVersionDate "2015.10.08"]
[SourceQuality "1"]
[WhiteTeam "Zsambek"]
[BlackTeam "Torokbalint"]
[WhiteTeamCountry "HUN"]
[BlackTeamCountry "HUN"]

1. e4 d6 2. d4 Nf6 3. Nc3 g6 4. Nf3 Bg7 5. Be2 Bg4 6. Be3 0-0 7. h3 Bxf3 8. Bxf3 Nc6 9. 0-0 e5 10. d5 Ne7 11. Qd2 Nd7 12. Be2 f5 13. exf5 Nxf5 14. Bg5 Nf6 15. Bg4 Qd7 16. a4 h5 17. Be2 Nh7 18. Be3 Nxe3 19. Qxe3 Rf4 20. g3 Rf7 21. Kg2 Bf6 1/2-1/2

[Event "HUN-chT2 Breyer 1213"]
[Site "Hungary"]
[Date "2013.04.07"]
[Round "10.5"]
[White "Berta, Krisztian"]
[Black "Nadi, Ferenc"]
[Result "1/2-1/2"]
[WhiteElo "2180"]
[BlackElo "2084"]
[PlyCount "76"]
[EventDate "2012.09.16"]
[EventType "team-tourn"]
[EventRounds "11"]
[EventCountry "HUN"]
[SourceTitle "EXT 2014"]
[Source "ChessBase"]
[SourceDate "2013.11.20"]
[SourceVersion "1"]
[SourceVersionDate "2013.11.20"]
[SourceQuality "1"]
[WhiteTeam "Torokbalint"]
[BlackTeam "MAV Elore"]
[WhiteTeamCountry "HUN"]
[BlackTeamCountry "HUN"]

1. d4 Nf6 2. c4 g6 3. Nc3 Bg7 4. e4 d6 5. Be2 0-0 6. Nf3 e5 7. d5 a5 8. Bg5 Na6 9. Nd2 Qe8 10. b3 Bd7 11. a3 Kh8 12. 0-0 Ng8 13. Rb1 f5 14. f3 f4 15. Bh4 h6 16. b4 g5 17. Bf2 axb4 18. axb4 b6 19. c5 bxc5 20. bxc5 Nxc5 21. Bxc5 dxc5 22. Rb7 Qc8 23. Qb3 Nf6 24. Rb1 Ne8 25. Nc4 Rg8 26. Rb8 Rxb8 27. Qxb8 Qxb8 28. Rxb8 Nd6 29. Rxg8+ Kxg8 30. Nxd6 cxd6 31. Nb5 Bf8 32. Na3 Be7 33. Nc4 Kg7 34. h3 Kg6 35. Kh2 h5 36. Nb6 Be8 37. Nc4 Bb5 38. Nxe5+ dxe5 1/2-1/2

[Event "HUN-chT2 Breyer 1213"]
[Site "Hungary"]
[Date "2012.10.07"]
[Round "2.6"]
[White "Berta, Krisztian"]
[Black "Bereczki, Istvan"]
[Result "1/2-1/2"]
[WhiteElo "2180"]
[BlackElo "2121"]
[PlyCount "26"]
[EventDate "2012.09.16"]
[EventType "team-tourn"]
[EventRounds "11"]
[EventCountry "HUN"]
[SourceTitle "EXT 2014"]
[Source "ChessBase"]
[SourceDate "2013.11.20"]
[SourceVersion "1"]
[SourceVersionDate "2013.11.20"]
[SourceQuality "1"]
[WhiteTeam "Torokbalint"]
[BlackTeam "Szazhalombatta"]
[WhiteTeamCountry "HUN"]
[BlackTeamCountry "HUN"]

1. d4 Nf6 2. c4 c5 3. Nf3 cxd4 4. Nxd4 Nc6 5. Nc3 g6 6. g3 Bg7 7. Bg2 0-0 8. 0-0 a6 9. Nxc6 bxc6 10. Be3 Rb8 11. Qd2 Re8 12. Rac1 Qa5 13. b3 Ng4 1/2-1/2

[Event "HUN-chT2 Breyer 1011"]
[Site "Hungary"]
[Date "2011.04.10"]
[Round "8.8"]
[White "Balazs, Andras"]
[Black "Berta, Krisztian"]
[Result "0-1"]
[WhiteElo "2019"]
[BlackElo "2199"]
[PlyCount "58"]
[EventDate "2010.09.12"]
[EventType "team-tourn"]
[EventRounds "11"]
[EventCountry "HUN"]
[SourceTitle "EXT 2012"]
[Source "ChessBase"]
[SourceDate "2011.11.24"]
[SourceVersion "1"]
[SourceVersionDate "2011.11.24"]
[SourceQuality "1"]
[WhiteTeam "Zoltek"]
[BlackTeam "Torokbalint"]
[WhiteTeamCountry "HUN"]
[BlackTeamCountry "HUN"]

1. e4 d6 2. d4 Nf6 3. Bd3 g6 4. Ne2 Bg7 5. Nd2 Nc6 6. c3 0-0 7. 0-0 e5 8. d5 Ne7 9. Ng3 Nd7 10. Nc4 Nc5 11. Bc2 a5 12. Be3 b6 13. Re1 f5 14. exf5 Nxf5 15. Bxc5 bxc5 16. Ne4 Kh8 17. Ncd2 Bb7 18. Nf3 Bh6 19. Bb3 Nh4 20. Nxh4 Qxh4 21. c4 Rf5 22. Ba4 Bc8 23. Bc6 Rb8 24. b3 Rh5 25. h3 Bxh3 26. gxh3 Qxh3 27. Ng3 Qh2+ 28. Kf1 Rf8 29. Nh1 Qxh1+ 0-1

[Event "HUN-chT2 Breyer 0910"]
[Site "Hungary"]
[Date "2010.04.11"]
[Round "9"]
[White "Gombocz, Zsolt"]
[Black "Berta, Krisztian"]
[Result "1/2-1/2"]
[WhiteElo "2106"]
[BlackElo "2220"]
[PlyCount "66"]
[EventDate "2009.11.08"]
[EventType "team-tourn"]
[EventRounds "11"]
[EventCountry "HUN"]
[SourceTitle "EXT 2011"]
[Source "ChessBase"]
[SourceDate "2010.11.26"]
[SourceVersion "1"]
[SourceVersionDate "2010.11.26"]
[SourceQuality "1"]
[WhiteTeam "MAFC"]
[BlackTeam "Torokbalint"]
[WhiteTeamCountry "HUN"]
[BlackTeamCountry "HUN"]

1. d4 Nf6 2. Nf3 g6 3. Bg5 Bg7 4. e3 0-0 5. Be2 d6 6. 0-0 Qe8 7. c4 h6 8. Bxf6 Bxf6 9. Nc3 c6 10. h3 Nd7 11. Rc1 Bg7 12. b4 Nf6 13. c5 Be6 14. Qa4 a6 15. Rfd1 Qb8 16. Qc2 a5 17. b5 dxc5 18. bxc6 bxc6 19. dxc5 Nd5 20. Nxd5 Bxd5 21. Rb1 Qc8 22. e4 Be6 23. Bc4 Bxc4 24. Qxc4 Rd8 25. Rxd8+ Qxd8 26. Qa4 Rc8 27. Rb6 Kh7 28. Qxa5 Ra8 29. Qd2 Qxd2 30. Nxd2 Rxa2 31. Nf3 Ra1+ 32. Kh2 Ra4 33. e5 Re4 1/2-1/2

[Event "HUN-chT2 Charousek 0708"]
[Site "Hungary"]
[Date "2007.11.11"]
[Round "2"]
[White "Bencze, Laszlo"]
[Black "Berta, Krisztian"]
[Result "1/2-1/2"]
[WhiteElo "2257"]
[BlackElo "2237"]
[PlyCount "32"]
[EventDate "2007.10.14"]
[EventType "team-tourn"]
[EventRounds "11"]
[EventCountry "HUN"]
[SourceTitle "EXT 2009"]
[Source "ChessBase"]
[SourceDate "2008.11.26"]
[SourceVersion "1"]
[SourceVersionDate "2008.11.26"]
[SourceQuality "1"]
[WhiteTeam "Dunaharaszti"]
[BlackTeam "Tapolca"]
[WhiteTeamCountry "HUN"]
[BlackTeamCountry "HUN"]

1. Nf3 g6 2. c4 Bg7 3. d4 Nf6 4. g3 0-0 5. Bg2 d6 6. 0-0 Nc6 7. Nc3 a6 8. h3 Rb8 9. e3 b5 10. Nd2 Bd7 11. Qe2 Na5 12. Rd1 Qc8 13. Kh2 c5 14. dxc5 Qxc5 15. cxb5 axb5 16. Nde4 Nxe4 1/2-1/2

[Event "HUN-chT2 Charousek 0708"]
[Site "Hungary"]
[Date "2007.10.14"]
[Round "1"]
[White "Berta, Krisztian"]
[Black "Halasz, Attila"]
[Result "1/2-1/2"]
[WhiteElo "2237"]
[BlackElo "2208"]
[PlyCount "26"]
[EventDate "2007.10.14"]
[EventType "team-tourn"]
[EventRounds "11"]
[EventCountry "HUN"]
[SourceTitle "EXT 2009"]
[Source "ChessBase"]
[SourceDate "2008.11.26"]
[SourceVersion "1"]
[SourceVersionDate "2008.11.26"]
[SourceQuality "1"]
[WhiteTeam "Tapolca"]
[BlackTeam "Pannonpower"]
[WhiteTeamCountry "HUN"]
[BlackTeamCountry "HUN"]

1. e4 c6 2. d4 d5 3. Nc3 dxe4 4. Nxe4 Bf5 5. Ng3 Bg6 6. Nf3 Nd7 7. h4 h6 8. h5 Bh7 9. Bd3 Bxd3 10. Qxd3 Ngf6 11. Bd2 Qc7 12. 0-0-0 e6 13. Kb1 Bd6 1/2-1/2

[Event "HUN-chT2 Charousek 0506"]
[Site "Hungary"]
[Date "2005.11.27"]
[Round "4"]
[White "Berta, Krisztian"]
[Black "Szamoskozi, Gabor"]
[Result "1/2-1/2"]
[WhiteElo "2244"]
[BlackElo "2245"]
[PlyCount "48"]
[EventDate "2005.10.16"]
[EventType "team"]
[EventRounds "11"]
[EventCountry "HUN"]
[SourceTitle "EXT 2009"]
[Source "ChessBase"]
[SourceDate "2008.11.26"]
[SourceVersion "1"]
[SourceVersionDate "2008.11.26"]
[SourceQuality "1"]
[WhiteTeam "Keszthely"]
[BlackTeam "BEAC"]
[WhiteTeamCountry "HUN"]
[BlackTeamCountry "HUN"]

1. d4 Nf6 2. Nf3 c5 3. dxc5 e6 4. g3 Bxc5 5. Bg2 Nc6 6. 0-0 0-0 7. c4 d5 8. cxd5 Qxd5 9. Qxd5 Nxd5 10. a3 a5 11. e4 Nf6 12. Nc3 Rd8 13. Bg5 h6 14. Bxf6 gxf6 15. Rfd1 Bd7 16. Rd2 Be8 17. Rad1 Kf8 18. Bf1 Rxd2 19. Rxd2 Ke7 20. Bb5 Ne5 21. Kg2 Rc8 22. Bxe8 Kxe8 23. Nb5 Ke7 24. Nxe5 fxe5 1/2-1/2

[Event "HUN-chT2 Charousek 0405"]
[Site "Hungary"]
[Date "2004.10.10"]
[Round "2"]
[White "Zila, Laszlo"]
[Black "Berta, Krisztian"]
[Result "1/2-1/2"]
[WhiteElo "2255"]
[BlackElo "2250"]
[PlyCount "25"]
[EventDate "2004.09.26"]
[EventType "team-tourn"]
[EventRounds "11"]
[EventCountry "HUN"]
[SourceTitle "EXT 2008"]
[Source "ChessBase"]
[SourceDate "2007.11.25"]
[SourceVersion "1"]
[SourceVersionDate "2007.11.25"]
[SourceQuality "1"]
[WhiteTeam "Husi"]
[BlackTeam "Keszthely"]
[WhiteTeamCountry "HUN"]
[BlackTeamCountry "HUN"]

1. e4 e5 2. Nc3 Nc6 3. Bc4 Bc5 4. d3 Nf6 5. Nf3 h6 6. 0-0 0-0 7. a3 a5 8. Nd5 d6 9. Ne3 Bxe3 10. Bxe3 Be6 11. Bxe6 fxe6 12. c3 a4 13. Qc2 1/2-1/2

[Event "HUN-chT2 Charousek 0304"]
[Site "Hungary"]
[Date "2004.02.08"]
[Round "7"]
[White "Horvath, Miklos2"]
[Black "Berta, Krisztian"]
[Result "0-1"]
[WhiteElo "2046"]
[BlackElo "2236"]
[PlyCount "118"]
[EventDate "2003.09.28"]
[EventType "team-tourn"]
[EventRounds "11"]
[EventCountry "HUN"]
[SourceTitle "EXT 2005"]
[Source "ChessBase"]
[SourceDate "2004.11.15"]
[SourceVersion "1"]
[SourceVersionDate "2004.11.15"]
[SourceQuality "1"]

1. d4 Nf6 2. Nf3 g6 3. Bf4 d6 4. Nbd2 Bg7 5. e4 0-0 6. c3 Nbd7 7. Be2 b6 8. Qc2 Bb7 9. 0-0 Nh5 10. Be3 e5 11. dxe5 dxe5 12. Rfd1 Qe7 13. Ne1 Nf4 14. Bf3 Ne6 15. g3 Kh8 16. Bh1 Ba6 17. Ndf3 Rad8 18. Rd2 f5 19. exf5 gxf5 20. Rdd1 f4 21. Bc1 Ndc5 22. Rxd8 Rxd8 23. b4 Nd3 24. a4 e4 25. b5 Bb7 26. Nxd3 Rxd3 27. Nd4 Nxd4 28. cxd4 fxg3 29. hxg3 Bxd4 30. Bb2 Qe5 31. Bxd4 Qxd4 32. Ra2 Rxg3+ 33. Kh2 Rd3 34. Qxc7 Qd5 35. Qb8+ Kg7 36. Qc7+ Kg6 37. Ra1 Qd6+ 38. Qxd6+ Rxd6 39. Ra3 Kf5 40. Bg2 Ke5 41. a5 Bd5 42. axb6 axb6 43. Ra7 h6 44. Rc7 Kd4 45. Bf1 Rf6 46. Kg1 Ke5 47. Be2 Rf7 48. Rc8 Rg7+ 49. Kh2 Ra7 50. Rc2 Ra2 51. Rxa2 Bxa2 52. Kg3 Bb1 53. Kh4 Bd3 54. Bd1 Bxb5 55. Kh5 Bc4 56. Kxh6 Kf4 57. Kh5 b5 58. Kh4 b4 59. Bc2 b3 0-1

[Event "HUN-chT2 Charousek 0203"]
[Site "Hungary"]
[Date "2002.11.24"]
[Round "3.4"]
[White "Berta, Krisztian"]
[Black "Hoflinger, Istvan"]
[Result "1/2-1/2"]
[WhiteElo "2239"]
[BlackElo "2154"]
[PlyCount "68"]
[EventDate "2002.09.22"]
[EventType "team-tourn"]
[EventRounds "11"]
[EventCountry "HUN"]
[SourceTitle "EXT 2004"]
[Source "ChessBase"]
[SourceDate "2003.11.25"]
[SourceVersion "1"]
[SourceVersionDate "2003.11.25"]
[SourceQuality "1"]
[WhiteTeam "Matador"]
[BlackTeam "Kiraly Sakk"]
[WhiteTeamCountry "HUN"]
[BlackTeamCountry "HUN"]

1. d4 Nf6 2. c4 Nc6 3. Nf3 e6 4. a3 d5 5. Nc3 Be7 6. Bg5 h6 7. Bh4 a6 8. cxd5 exd5 9. e3 0-0 10. Bd3 b5 11. 0-0 Bb7 12. Nd2 Na5 13. b3 c5 14. dxc5 d4 15. Bxf6 Bxf6 16. Nce4 dxe3 17. Nxf6+ Qxf6 18. fxe3 Qg5 19. Qe2 Bxg2 20. Rf5 Bf3+ 21. Rxg5 Bxe2 22. Rd5 Bxd3 23. Rxd3 Rfd8 24. Rxd8+ Rxd8 25. Ra2 f5 26. Kf2 Kf7 27. Ke2 g5 28. b4 Nc6 29. Nb3 Ke6 30. Rd2 Rxd2+ 31. Kxd2 Kd5 32. Ke2 Ke5 33. Nd4 Nxd4+ 34. exd4+ Kd5 1/2-1/2

[Event "HUN-chT2 0102"]
[Site "Hungary"]
[Date "2002.04.21"]
[Round "11"]
[White "Kobzak, Gabor"]
[Black "Berta, Krisztian"]
[Result "0-1"]
[WhiteElo "1662"]
[BlackElo "2221"]
[PlyCount "68"]
[EventDate "2001.??.??"]
[EventType "team-tourn"]
[EventRounds "11"]
[EventCountry "HUN"]
[SourceTitle "EXT 2004"]
[Source "ChessBase"]
[SourceDate "2003.11.25"]
[SourceVersion "1"]
[SourceVersionDate "2003.11.25"]
[SourceQuality "1"]

1. e4 d6 2. Nf3 Nf6 3. Nc3 g6 4. d4 Bg7 5. h3 0-0 6. Be3 c6 7. Be2 b5 8. 0-0 b4 9. e5 Nfd7 10. Ne4 dxe5 11. dxe5 Nxe5 12. Rb1 Qxd1 13. Rfxd1 Bf5 14. Nfd2 a5 15. f3 Na6 16. g4 Be6 17. a3 Nc7 18. Nc5 Nd5 19. Bf2 Nf4 20. Bf1 Rfd8 21. Nxe6 Nxe6 22. Bg2 f5 23. Bg3 f4 24. Bh4 Kf7 25. axb4 axb4 26. b3 Ra2 27. Nc4 Rxd1+ 28. Rxd1 Nxc4 29. bxc4 Rxc2 30. Bf1 Nd4 31. Bg2 Rxc4 32. Re1 Bf6 33. Bxf6 Kxf6 34. Re4 e5 0-1